| 000 | 01910nam a2200337 a 4500 | ||
|---|---|---|---|
| 001 | ebr10524624 | ||
| 003 | CaPaEBR | ||
| 006 | m u | ||
| 007 | cr cn||||||||| | ||
| 008 | 120126s2012 enka sb 000 0 eng d | ||
| 010 | _z 2012359012 | ||
| 020 | _z1848165218 | ||
| 020 | _z9781848165212 | ||
| 020 | _z9781848165229 (e-book) | ||
| 040 |
_aCaPaEBR _cCaPaEBR |
||
| 035 | _a(OCoLC)773799249 | ||
| 050 | 1 | 4 |
_aQC611.6.Q35 _bH47 2012eb |
| 100 | 1 |
_aHess, Ortwin, _d1966- |
|
| 245 | 1 | 0 |
_aPhotonics of quantum-dot nanomaterials and devices _h[electronic resource] : _btheory and modelling / _cOrtwin Hess, Edeltraud Gehrig. |
| 260 |
_aLondon : _bImperial College Press ; _aSingapore ; _aHackensack, N.J. : _bWorld Scientific Pub. [distributor], _cc2012. |
||
| 300 |
_ax, 171 p. : _bill. |
||
| 504 | _aIncludes bibliographic references. | ||
| 505 | 0 | _aIntroduction to photonic quantum dot nanomaterials and devices -- Theory of quantum dot light-matter dynamics -- Light meets matter I : microscopic carrier effects and fundamental light-matter interaction -- Light meets matter II : mesoscopic space-time dynamics -- Performance and characterisation : properties on large time and length scales -- Nonlinear pulse propagation in semiconductor quantum dot lasers -- High-speed dynamics -- Quantum dot random lasers -- Coherence properties of quantum dot micro-cavity lasers. | |
| 533 |
_aElectronic reproduction. _bPalo Alto, Calif. : _cebrary, _d2012. _nAvailable via World Wide Web. _nAccess may be limited to ebrary affiliated libraries. |
||
| 650 | 0 |
_aQuantum dots _xMathematical models. |
|
| 650 | 0 |
_aNanophotonics _xMaterials _xMathematical models. |
|
| 655 | 7 |
_aElectronic books. _2local |
|
| 700 | 1 |
_aGehrig, Edeltraud, _d1969- |
|
| 710 | 2 | _aebrary, Inc. | |
| 856 | 4 | 0 |
_uhttp://site.ebrary.com/lib/rucke/Doc?id=10524624 _zAn electronic book accessible through the World Wide Web; click to view |
| 999 |
_c239313 _d239313 |
||